Mikan waka shiryōshū. Dai 4-satsu /

Saved in:
நூற்பட்டியல் விவரங்கள்
மற்ற எழுத்தாளர்கள்: Yanase, Kazuo, 1912-
வடிவம்: புத்தகம்
மொழி:Japanese
வெளியீடப்பட்டது: Ōbu-chō (Aichi-ken) : Yanase Kazuo, Shōwa 41 [1966]
தொகுதி:Hekichūdō sōsho ; dai 63-shū.
பகுதிகள்:
குறியீடுகள்: குறிச்சொல் இணை
குறியீடுகள் இல்லை, இந்த குறிச்சொல்லை முதலில் பதிவு செய்யுங்கள்!
LEADER 01680nam a2200373ui 4500
001 007796821-2
005 20024617121422.0
008 911001s1966 ja 000 0 jpn d
035 0 |a ocm33723590 
040 |a *LWU*  |b jpn  |c *LWU*  |d OCoLC  |d *YNH*  |d CStRLIN 
245 0 0 |6 880-01  |a Mikan waka shiryōshū.  |n Dai 4-satsu /  |c Yanase Kazuo hen. 
260 |6 880-02  |a Ōbu-chō (Aichi-ken) :  |b Yanase Kazuo,  |c Shōwa 41 [1966] 
300 |a 62 p. ;  |c 21 cm. 
490 1 |6 880-03  |a Hekichūdō sōsho ;  |v dai 63-shū 
500 |6 880-04  |a Tōshaban. 
500 |6 880-05  |a Hibaihin. 
500 |6 880-06  |a Genteiban. 
505 0 |6 880-07  |a Gyoei hyakushu waka / tsutae Dōshin -- Kenchū gojisshu waka -- Ei sanjisshu waka / Asukai Masayasu -- Masatoshi-kyō hyakushu -- Ei hyakushu waka / Tomohito Shinnō -- Ei hyakushu waka / Kamo Suketame. 
653 |6 880-08  |a Waka  |a Kashū. 
700 1 |6 880-09  |a Yanase, Kazuo,  |d 1912- 
880 0 0 |6 245-01  |a 未刊和歌資料集.  |n 第4冊 /  |c 簗瀨一雄編. 
880 |6 260-02  |a 大府町(愛知県) :  |b 簗瀨一雄,  |c 昭和41 [1966] 
880 1 |6 490-03  |a 碧冲洞叢書 ;  |v 第63輯 
880 |6 500-04  |a 謄写版. 
880 |6 500-05  |a 非売品. 
880 |6 500-06  |a 限定版. 
880 0 |6 505-07  |a 御詠百首和歌/ 伝道眞 -- 顯仲五十首和歌 -- 詠三十首和歌/ 飛鳥井雅康 -- 雅俊卿百首 -- 詠百首和歌/ 智仁親王 -- 詠百首和歌/ 鴨祐為. 
880 |6 653-08  |a 和歌  |a 歌集. 
880 1 |6 700-09  |a 簗瀨一雄,  |d 1912- 
830 0 |6 880-53  |a Hekichūdō sōsho ;  |v dai 63-shū. 
880 0 |6 830-53  |a 碧冲洞叢書 ;  |v 第63輯. 
886 2 |2 jpnmarc  |a 677  |b 911.108 
988 |a 20021220 
906 |0 OCLC